Jonathan Edwards on nature and destiny : a systematic analysis /

Bibliographic Details
Main Author: Cooey, Paula M., 1945-
Format: Book
Language:English
Published: Lewiston : E. Mellen Press, [1985]
Series:Studies in American religion ; v. 16.
Subjects:

MARC

Tag First Indicator Second Indicator Subfields
LEADER 00000cam a2200000 a 4500
001 in00000018290
005 20151007053212.0
008 850827s1985 nyu b 00110 eng
010 |a  85021499  
035 |a (OCoLC)12558402 
035 |9 AAB0778AM 
040 |a DLC  |c DLC  |d m/c  |d TXA  |d UtOrBLW 
049 |a TXAM  |c [A11082915] 
050 0 0 |a BX7260.E3  |b C65 1985 
082 0 |a 230/.58/0924  |a B  |2 19 
100 1 |a Cooey, Paula M.,  |d 1945- 
245 1 0 |a Jonathan Edwards on nature and destiny :  |b a systematic analysis /  |c Paula M. Cooey. 
264 1 |a Lewiston :  |b E. Mellen Press,  |c [1985] 
264 4 |c ©1985 
300 |a xii, 276 pages ;  |c 24 cm. 
336 |a text  |b txt  |2 rdacontent 
337 |a unmediated  |b n  |2 rdamedia 
338 |a volume  |b nc  |2 rdacarrier 
490 1 |a Studies in American religion ;  |v v. 16 
500 |a Revision of thesis (Ph. D.)--Trinity University. 
504 |a Bibliography: pages [259]-270. 
500 |a Includes index. 
600 1 0 |a Edwards, Jonathan,  |d 1703-1758. 
830 0 |a Studies in American religion ;  |v v. 16. 
999 |a MARS 
999 f f |s b3e2d1d2-c405-3a68-9996-d16fdec0c2bc  |i 8acaa23f-aa64-330f-ac9d-11a655425a6d  |t 0 
952 f f |p ric  |a Texas A&M University  |b Rellis Campus  |c Joint Library Facility  |d Remote Storage  |t 0  |e BX7260.E3 C65 1985  |h Library of Congress classification  |i unmediated -- volume  |m A14811082915 
998 f f |a BX7260.E3 C65 1985  |t 0  |l Remote Storage